Etica y valores para bachillerato 1 /

Guardat en:
Dades bibliogràfiques
Autor principal: Torre Zermeño, Francisco J. de la (autor)
Altres autors: Torre Hernández, Francisco de la (autor) (autor)
Format: Llibre
Idioma:espanyol
Publicat: México : Alfaomega, 2004, c2004
Matèries:
Etiquetes: Afegir etiqueta
Sense etiquetes, Sigues el primer a etiquetar aquest registre!

MARC

LEADER 00000nam^a2200000^a^4500
001 000262692
005 20250521000000.0
005 20250521000000.0
009 20260310110550.278
020 |a 970-15-1039-9 
037 |a Acervo ITESO - Biblioteca 
041 |a ESP 
082 |a 170. 712  |b TOR V. 1 
100 |a Torre Zermeño, Francisco J. de la  |e (autor) 
240 1 1 |a [Etica y valores para bachillerato] 
245 1 0 |a Etica y valores para bachillerato  |n 1 /  |c F.J. de la Torre Zermeño, F. de la Torre Hernández. 
264 4 |a México :  |b Alfaomega,  |c 2004, c2004 
300 |a 162 p. 
336 |a texto  |b txt  |2 rdacontenido 
337 |a sin mediación  |b n  |2 rdamedio 
338 |a volumen  |b nc  |2 rdasoporte 
649 |a XX 
650 |a Valores 
650 |a Etica Científica 
650 |a Democracia -  |x Filosofía 
650 |a Derechos Humanos -  |x Aspectos Eticos 
650 |a Globalización -  |x Aspectos Eticos 
650 |a Educación Media Superior 
650 |a Educación Ambiental 
650 |a Identidad Cultural -  |x Aspectos Eticos 
650 |a Juicio (Etica) 
650 |a Diversidad Cultural -  |x Aspectos Eticos 
650 |a Axiología 
650 |a Etica -  |x Estudio y Enseñanza -  |x Tema Principal 
650 |a Filosofía -  |x Estudio y Enseñanza 
650 |a Tecnología -  |x Aspectos Eticos 
650 |a Desarrollo Sustentable -  |x Aspectos Eticos 
700 |a Torre Hernández, Francisco de la  |e (autor) 
910 |a Fondo General 
920 |a Impresos - Libros 
930 |a Colección General 
905 |a 101 
901 |a 0500143597  |b IT1  |c ACC  |u 20250521 
901 |a 0500143606  |b IT1  |c ACC  |u 20250521 
902 |a https://opac.biblio.iteso.mx/vufind/Record/000262692